<?xml version="1.0" encoding="UTF-8"?>
<record
    xmlns:xsi="http://www.w3.org/2001/XMLSchema-instance"
    xsi:schemaLocation="http://www.loc.gov/MARC21/slim http://www.loc.gov/standards/marcxml/schema/MARC21slim.xsd"
    xmlns="http://www.loc.gov/MARC21/slim">

  <leader>02434nam a2200241Ia 4500</leader>
  <datafield tag="952" ind1=" " ind2=" ">
    <subfield code="0">0</subfield>
    <subfield code="1">0</subfield>
    <subfield code="2">lcc</subfield>
    <subfield code="4">0</subfield>
    <subfield code="7">0</subfield>
    <subfield code="a">04</subfield>
    <subfield code="b">04</subfield>
    <subfield code="d">2012-04-13</subfield>
    <subfield code="l">3</subfield>
    <subfield code="o">RA407.A3  H5 2008</subfield>
    <subfield code="p">05 001142</subfield>
    <subfield code="r">2023-04-25</subfield>
    <subfield code="s">2014-04-21</subfield>
    <subfield code="t">1</subfield>
    <subfield code="w">2012-06-24</subfield>
    <subfield code="y">LB</subfield>
  </datafield>
  <datafield tag="952" ind1=" " ind2=" ">
    <subfield code="0">0</subfield>
    <subfield code="1">0</subfield>
    <subfield code="2">lcc</subfield>
    <subfield code="4">0</subfield>
    <subfield code="7">0</subfield>
    <subfield code="a">04</subfield>
    <subfield code="b">04</subfield>
    <subfield code="d">2012-04-13</subfield>
    <subfield code="l">5</subfield>
    <subfield code="o">RA407.A3  H5 2008</subfield>
    <subfield code="p">05 001143</subfield>
    <subfield code="r">2023-04-25</subfield>
    <subfield code="s">2019-03-06</subfield>
    <subfield code="t">2</subfield>
    <subfield code="w">2012-06-24</subfield>
    <subfield code="y">LB</subfield>
  </datafield>
  <datafield tag="952" ind1=" " ind2=" ">
    <subfield code="0">0</subfield>
    <subfield code="1">0</subfield>
    <subfield code="2">lcc</subfield>
    <subfield code="4">0</subfield>
    <subfield code="7">0</subfield>
    <subfield code="a">11</subfield>
    <subfield code="b">11</subfield>
    <subfield code="d">2009-10-01</subfield>
    <subfield code="l">4</subfield>
    <subfield code="o">RA790 H56 2008</subfield>
    <subfield code="p">11 001343</subfield>
    <subfield code="r">2023-12-07</subfield>
    <subfield code="s">2023-12-07</subfield>
    <subfield code="t">2</subfield>
    <subfield code="w">2012-06-26</subfield>
    <subfield code="y">LB</subfield>
  </datafield>
  <datafield tag="952" ind1=" " ind2=" ">
    <subfield code="0">0</subfield>
    <subfield code="1">0</subfield>
    <subfield code="2">lcc</subfield>
    <subfield code="4">0</subfield>
    <subfield code="7">0</subfield>
    <subfield code="a">11</subfield>
    <subfield code="b">11</subfield>
    <subfield code="d">2009-10-01</subfield>
    <subfield code="l">3</subfield>
    <subfield code="o">RA790 H56 2008</subfield>
    <subfield code="p">11 002176</subfield>
    <subfield code="r">2023-07-21</subfield>
    <subfield code="s">2023-07-21</subfield>
    <subfield code="t">1</subfield>
    <subfield code="w">2012-06-26</subfield>
    <subfield code="y">LB</subfield>
  </datafield>
  <datafield tag="952" ind1=" " ind2=" ">
    <subfield code="0">0</subfield>
    <subfield code="1">0</subfield>
    <subfield code="2">lcc</subfield>
    <subfield code="4">0</subfield>
    <subfield code="7">0</subfield>
    <subfield code="a">07</subfield>
    <subfield code="b">07</subfield>
    <subfield code="d">0000-00-00</subfield>
    <subfield code="l">1</subfield>
    <subfield code="o">R129 H5 2008</subfield>
    <subfield code="p">07 004233</subfield>
    <subfield code="r">2016-04-07</subfield>
    <subfield code="s">2014-10-30</subfield>
    <subfield code="t">1</subfield>
    <subfield code="w">2013-10-01</subfield>
    <subfield code="y">LB</subfield>
  </datafield>
  <datafield tag="952" ind1=" " ind2=" ">
    <subfield code="0">0</subfield>
    <subfield code="1">0</subfield>
    <subfield code="2">lcc</subfield>
    <subfield code="4">0</subfield>
    <subfield code="7">0</subfield>
    <subfield code="a">07</subfield>
    <subfield code="b">07</subfield>
    <subfield code="d">0000-00-00</subfield>
    <subfield code="l">4</subfield>
    <subfield code="m">1</subfield>
    <subfield code="o">R129 H5 2008</subfield>
    <subfield code="p">07 004281</subfield>
    <subfield code="r">2018-03-16</subfield>
    <subfield code="s">2018-03-14</subfield>
    <subfield code="t">2</subfield>
    <subfield code="w">2013-11-09</subfield>
    <subfield code="y">LB</subfield>
  </datafield>
  <datafield tag="952" ind1=" " ind2=" ">
    <subfield code="0">0</subfield>
    <subfield code="1">0</subfield>
    <subfield code="2">lcc</subfield>
    <subfield code="4">0</subfield>
    <subfield code="7">0</subfield>
    <subfield code="a">03</subfield>
    <subfield code="b">03</subfield>
    <subfield code="d">2015-05-21</subfield>
    <subfield code="l">14</subfield>
    <subfield code="o">RA440.S56 H54 2008</subfield>
    <subfield code="p">03 007561</subfield>
    <subfield code="r">2018-01-08</subfield>
    <subfield code="s">2018-01-08</subfield>
    <subfield code="t">1</subfield>
    <subfield code="w">2015-05-21</subfield>
    <subfield code="y">LB</subfield>
  </datafield>
  <datafield tag="952" ind1=" " ind2=" ">
    <subfield code="0">0</subfield>
    <subfield code="1">0</subfield>
    <subfield code="2">lcc</subfield>
    <subfield code="4">0</subfield>
    <subfield code="7">0</subfield>
    <subfield code="a">01</subfield>
    <subfield code="b">01</subfield>
    <subfield code="d">2023-03-10</subfield>
    <subfield code="l">1</subfield>
    <subfield code="o">RA790 H56 2008</subfield>
    <subfield code="p">16 004334</subfield>
    <subfield code="r">2023-10-26</subfield>
    <subfield code="s">2023-10-25</subfield>
    <subfield code="t">1</subfield>
    <subfield code="w">2023-03-10</subfield>
    <subfield code="y">LB</subfield>
  </datafield>
  <datafield tag="952" ind1=" " ind2=" ">
    <subfield code="0">0</subfield>
    <subfield code="1">0</subfield>
    <subfield code="2">lcc</subfield>
    <subfield code="4">0</subfield>
    <subfield code="7">0</subfield>
    <subfield code="a">01</subfield>
    <subfield code="b">01</subfield>
    <subfield code="d">2023-03-10</subfield>
    <subfield code="l">0</subfield>
    <subfield code="o">RA790 H56 2008</subfield>
    <subfield code="p">16 004335</subfield>
    <subfield code="r">2023-07-13</subfield>
    <subfield code="t">2</subfield>
    <subfield code="w">2023-03-10</subfield>
    <subfield code="y">LB</subfield>
  </datafield>
  <datafield tag="952" ind1=" " ind2=" ">
    <subfield code="0">0</subfield>
    <subfield code="1">0</subfield>
    <subfield code="2">lcc</subfield>
    <subfield code="4">0</subfield>
    <subfield code="7">0</subfield>
    <subfield code="a">01</subfield>
    <subfield code="b">01</subfield>
    <subfield code="d">2023-03-10</subfield>
    <subfield code="l">0</subfield>
    <subfield code="o">RA790 H56 2008</subfield>
    <subfield code="p">16 004336</subfield>
    <subfield code="r">2023-07-13</subfield>
    <subfield code="t">3</subfield>
    <subfield code="w">2023-03-10</subfield>
    <subfield code="y">LB</subfield>
  </datafield>
  <datafield tag="999" ind1=" " ind2=" ">
    <subfield code="c">63482</subfield>
    <subfield code="d">63482</subfield>
  </datafield>
  <controlfield tag="008">120625s2008    mx a          000 0 spa d</controlfield>
  <datafield tag="020" ind1=" " ind2=" ">
    <subfield code="a">13: 9789701063811</subfield>
  </datafield>
  <datafield tag="020" ind1=" " ind2=" ">
    <subfield code="a">10: 9701063813</subfield>
  </datafield>
  <datafield tag="050" ind1="0" ind2="4">
    <subfield code="a">R129 </subfield>
    <subfield code="b">H5 2008</subfield>
  </datafield>
  <datafield tag="100" ind1=" " ind2=" ">
    <subfield code="a">Higashida Hirose, Bertha Yoshiko</subfield>
    <subfield code="e">autor</subfield>
  </datafield>
  <datafield tag="245" ind1=" " ind2=" ">
    <subfield code="a">Ciencias de la salud </subfield>
    <subfield code="c"> / Bertha Yoshiko Higashida Hirose</subfield>
  </datafield>
  <datafield tag="250" ind1=" " ind2=" ">
    <subfield code="a">6a edici&#xF3;n</subfield>
  </datafield>
  <datafield tag="260" ind1=" " ind2=" ">
    <subfield code="a">M&#xE9;xico</subfield>
    <subfield code="b"> : McGraw-Hill Interamericana</subfield>
    <subfield code="c">, 2008</subfield>
  </datafield>
  <datafield tag="300" ind1=" " ind2=" ">
    <subfield code="a">viii, 434 p&#xE1;ginas</subfield>
    <subfield code="b"> : ilustraciones  </subfield>
  </datafield>
  <datafield tag="500" ind1=" " ind2=" ">
    <subfield code="a">Incluye: mapas conceptuales (pp. 398-425) 
Incluye: glosario (pp. 426-428)</subfield>
  </datafield>
  <datafield tag="504" ind1=" " ind2=" ">
    <subfield code="a">Bibliografia (pp. 429-434)</subfield>
  </datafield>
  <datafield tag="505" ind1=" " ind2=" ">
    <subfield code="a">El hombre, producto de la evoluci&#xF3;n, como unidad biopsicosocial  
Conceptos de salud y enfermedad  
La medicina como ciencia natural y ciencia social, Aspectos multidisciplinario de las Ciencias de la Salud  
Factores ecol&#xF3;gicos de la salud y la enfermedad  
Mecanismos de defensa e inmunidad  
Historia natural de la enfermedad (g&#xE9;nesis y evoluci&#xF3;n natural de la enfermedad) y niveles de prevenci&#xF3;n  
Enfermedad transmisible  
Invalidez  
Anatom&#xED;a y fisiolog&#xED;a: introducci&#xF3;n  
Sistema &#xF3;seo, osteolog&#xED;a  
Sindesmolog&#xED;a o artrolog&#xED;a  
Sistema muscular, miolog&#xED;a  
Sistema nervioso  
&#xF3;rganos de los sentidos y la piel  
Sistema endocrino  
Sistema digestivo  
Sistema circulatorio o angiol&#xF3;gico  
Sistema respiratorio  
Sistema urinario  
Sistema reproductor femenino y masculino  
Elementos sexuales, fecundaci&#xF3;n y nidaci&#xF3;n  
Formaci&#xF3;n de la placenta y desarrollo embrionario  
Embarazo, modificaciones maternas  
Embarazo gemelar  
Problemas durante la gestaci&#xF3;n  
Parto  
Constituci&#xF3;n ps&#xED;quica del individuo  
El hombre como individuo social  
Crecimiento y desarrollo del ni&#xF1;o  
Adolescencia, edad adulta, climaterio y tercera edad  
Estad&#xED;stica m&#xE9;dica  
Demograf&#xED;a  
Epidemiolog&#xED;a  
M&#xE9;todo cl&#xED;nico  
Ex&#xE1;menes de laboratorio y de gabinete  
La pr&#xE1;ctica m&#xE9;dica en M&#xE9;xico  
Diagn&#xF3;stico de la salud en M&#xE9;xico  
Higiene, salud p&#xFA;blica y medicina preventiva  
Higiene personal  
Nutrici&#xF3;n y problemas de la nutrici&#xF3;n  
Higiene materno- infantil  
Educaci&#xF3;n sexual  
Higiene mental  
Higiene familiar  
Higiene de la comunidad  
Enfermedades m&#xE1;s frecuentes  
Problemas sociales  </subfield>
  </datafield>
  <datafield tag="519" ind1=" " ind2=" ">
    <subfield code="a">Material Complementario /  </subfield>
    <subfield code="d">16 004334</subfield>
  </datafield>
  <datafield tag="519" ind1=" " ind2=" ">
    <subfield code="a">Material Complementario/</subfield>
    <subfield code="d">(03 007561)</subfield>
  </datafield>
  <datafield tag="650" ind1=" " ind2="0">
    <subfield code="a">MEDICINA</subfield>
  </datafield>
  <datafield tag="650" ind1=" " ind2="0">
    <subfield code="a">SALUD P&#xDA;BLICA</subfield>
  </datafield>
  <datafield tag="942" ind1=" " ind2=" ">
    <subfield code="2">lcc</subfield>
    <subfield code="c">LB</subfield>
  </datafield>
</record>
